Ricostruisci la Carriera del Calciatore - Achraf Hakimi - Statistics

Statistiche generali
  • Questo quiz è stato fatto 89 volte
  • Il punteggio medio è 4 su 5
Statistiche sulle risposte
Hint Risposta % Corretto
2021- Paris Saint-Germain
92%
2020-2021 Inter
88%
2016-2017 Real M. Castilla
88%
2018-2020 Borussia Dortmund
86%
2017-2018 Real Madrid
83%
Nessun quiz corrispondente trovato
Distribuzione punteggi
Percentuale di utenti per punteggio
Percentile per numero di risposta
I tuoi punteggi nel tempo
Non hai fatto questo quiz